000 01571 a2200289 4500
005 20170202113243.0
010 _aB-284111 B-381301-322 G-002720
020 _a8126312645
_c300.00
035 _aB-284111 B-381301-322
035 _aG-002720
037 _bपु.प्र.अ.प्र/प्रका
037 _bभारतीय ज्ञानपीठ/ PUB
082 _a821
100 _aकरंदीकर, विंदा
245 _aअपने ही होने पर/
_cविंदा करंदीकर; विजया राजाध्यक्ष और पुष्पा भारती द्वारा संपादित
246 _a Apane hi hone par
_bby Vinda Karandikar
260 _aनई दिल्ली
_bभारतीय ज्ञानपीठ
_c2006
270 _a18, इन्स्टीट्यूशनल एरिया, लोदी रोड
_bनई दिल्ली
_e110003
300 _a366पृ
_c22सेमी (सजिल्द)
490 _a
500 _aज्ञानपीठ पुस्कार द्वारा सम्मानित कृति
520 _aAW
700 _aराजाध्यक्ष, विजया
_924673
700 _aभारती, पुष्पा
_924674
942 _adpl
_cHN
_k
_2ddc
_h821
_mकंरदी
999 _c16134
_d16134